[Event "Charlotte Spring-E 2022"]
[Site "Charlotte"]
[Date "2022.03.19"]
[Round "6.1"]
[White "Chiku-Ratte, Olivier-Kenta"]
[Black "Chen, Ryo"]
[Result "1-0"]
[WhiteElo "2382"]
[BlackElo "2303"]
[Annotator "NA"]
[PlyCount "83"]
[EventDate "2022.03.16"]
[EventType "tourn"]
[EventCountry "USA"]
[SourceTitle "playchess.com"]
[Source "ChessBase"]
[SourceQuality "1"]
[TimeControl "5400+30"]

1. d4 {[%emt 0:04:24]} Nf6 {[%emt 1:31:00]} 2. c4 {[%emt 0:00:29]} g6 {[%emt 0:00:00]} 3. Nc3 {[%emt 0:00:18]} Bg7 {[%emt 0:00:00]} 4. e4 {[%emt 0:00:09]} d6 {[%emt 0:00:00]} 5. h3 {[%emt 0:00:08]} O-O {[%emt 0:00:00]} 6. Nf3 {[%emt 0:00:08]} e5 {[%emt 0:00:00]} 7. d5 {[%emt 0:00:06]} a5 {[%emt 0:00:00]} 8. Bd3 {[%emt 0:06:12]} Na6 {[%emt 0:00:00]} 9. O-O {[%emt 0:00:07]} Nd7 {[%emt 0:00:00]} 10. Be3 {[%emt 0:05:43]} Ndc5 {[%emt 0:00:00]} 11. Bc2 {[%emt 0:00:31]} f5 {[%emt 0:00:00]} 12. exf5 {[%emt 1:18:15]} gxf5 {[%emt 0:00:00]} 13. Ne1 $11 {[%emt 0:00:00]} (13. a3 $142) 13... Qh4 {[%emt 0:00:00]} 14. f4 {[%emt 0:00:00]} e4 {[%emt 0:00:00]} 15. a3 {[%emt 0:00:00]} Bd7 {[%emt 0:00:00]} 16. Rb1 {[%emt 0:00:00]} Kf7 {[%emt 0:07:30]} 17. Nb5 {[%emt 0:02:30]} Bxb5 {[%emt 0:00:00]} 18. cxb5 Nb8 {[%emt 0:01:00]} 19. b4 {[%emt 0:01:00]} axb4 {[%emt 0:00:30]} 20. axb4 {[%emt 0:00:30]} Ncd7 {[%emt 0:00:00]} 21. Bb3 Rg8 {[%emt 0:00:00]} 22. Bf2 Qh6 {[%emt 0:01:30]} 23. Qc1 {[%emt 0:01:30]} Bf6 {[%emt 0:00:30]} 24. Kh2 {[%emt 0:00:30]} Bh4 {[%emt 0:00:00]} 25. Bd4 Qg6 {[%emt 0:01:00]} 26. Rb2 {[%emt 0:01:00]} Ra3 {[%emt 0:00:30]} 27. Kh1 {[%emt 0:00:00]} Ke7 {[%emt 0:00:00]} 28. Rg1 {[%emt 0:00:00]} Kd8 {[%emt 0:00:00]} 29. Rb1 {[%emt 0:00:00]} Ra8 {[%emt 0:00:41]} 30. Qc3 {[%emt 0:00:08]} Bf6 {[%emt 0:00:37]} 31. Nc2 {[%emt 0:00:28]} Bxd4 {[%emt 0:00:40]} 32. Nxd4 {[%emt 0:00:06]} Qf6 {[%emt 0:00:24]} 33. Ne6+ {[%emt 0:00:28]} Ke7 {[%emt 0:01:08]} 34. Qxc7 {[%emt 0:00:15]} Qh4 {[%emt 0:00:00]} 35. Nd4 {[%emt 0:00:35]} Qh5 {[%emt 0:00:17]} 36. Bd1 {[%emt 0:01:26]} Qg6 {[%emt 0:00:20]} 37. Qc3 {[%emt 0:00:35]} Nf6 {[%emt 0:01:23]} 38. g4 {[%emt 0:00:53]} fxg4 {[%emt 0:00:00]} 39. Bxg4 {[%emt 0:00:14]} Qf7 {[%emt 0:00:29]} 40. Nf5+ {[%emt 0:00:38]} Kd8 {[%emt 0:01:01]} 41. Nxd6 {[%emt 0:00:15]} Qf8 {[%emt 0:00:00]} 42. Qc8+ {[%emt 0:00:21]} 1-0

[Event "Charlotte Spring-E 2022"]
[Site "Charlotte"]
[Date "2022.03.19"]
[Round "6.2"]
[White "Zaloznyy, Mike"]
[Black "Kanli, Alperen"]
[Result "0-1"]
[WhiteElo "2065"]
[BlackElo "2131"]
[Annotator "NA"]
[PlyCount "88"]
[EventDate "2022.03.16"]
[EventType "tourn"]
[EventCountry "USA"]
[SourceTitle "playchess.com"]
[Source "ChessBase"]
[SourceQuality "1"]
[TimeControl "5400+30"]

1. Nf3 {[%emt 0:03:01]} d5 {[%emt 0:00:30]} 2. e3 {[%emt 0:00:16]} Nf6 {[%emt 0:00:26]} 3. b3 {[%emt 0:00:24]} c5 {[%emt 0:01:28]} 4. Bb2 {[%emt 0:00:22]} Nc6 {[%emt 0:00:16]} 5. Bb5 {[%emt 0:00:44]} e6 {[%emt 0:03:53]} 6. Bxc6+ {[%emt 0:05:36]} bxc6 {[%emt 0:00:09]} 7. Ne5 {[%emt 0:00:15]} Bd6 {[%emt 0:04:28]} 8. f4 {[%emt 0:00:53]} Qc7 {[%emt 0:01:28]} 9. d3 {[%emt 0:00:10]} O-O {[%emt 0:01:40]} 10. O-O {[%emt 0:02:53]} Nd7 {[%emt 0:05:36]} 11. Nxd7 {[%emt 0:00:12]} Bxd7 {[%emt 0:01:58]} 12. Qh5 {[%emt 0:00:08]} f6 {[%emt 0:03:34]} 13. Nd2 {[%emt 0:02:52]} Rae8 {[%emt 0:08:24]} 14. Rf3 {[%emt 0:01:03]} Re7 {[%emt 0:07:50]} 15. a4 {[%emt 0:06:27]} g6 {[%emt 0:13:06]} 16. Qh4 {[%emt 0:03:33]} e5 {[%emt 0:02:11]} 17. fxe5 {[%emt 0:00:12]} Bxe5 {[%emt 0:00:07]} 18. d4 {[%emt 0:02:02]} cxd4 {[%emt 0:02:14]} 19. exd4 {[%emt 0:01:19]} Bd6 {[%emt 0:05:57]} 20. c4 {[%emt 0:00:25]} Re2 {[%emt 0:02:15]} 21. Bc1 {[%emt 0:03:10]} g5 {[%emt 0:06:06]} 22. Qh5 {[%emt 0:02:44]} Qc8 {[%emt 0:02:47]} 23. Rxf6 {[%emt 0:02:03]} Rxg2+ {[%emt 0:01:00]} 24. Kxg2 {[%emt 0:00:15]} Rxf6 {[%emt 0:25:07]} 25. Kh1 {[%emt 0:06:39]} h6 {[%emt 0:00:00]} 26. Qe2 {[%emt 0:05:12]} Qf8 {[%emt 0:00:00]} 27. Kg1 {[%emt 0:00:09]} Rf4 {[%emt 0:00:00]} 28. Bb2 {[%emt 0:01:34]} Bh3 {[%emt 0:00:00]} 29. Nf1 {[%emt 0:04:52]} Rg4+ {[%emt 0:00:00]} 30. Ng3 {[%emt 0:00:05]} Bxg3 {[%emt 0:00:00]} 31. hxg3 {[%emt 0:00:23]} Rxg3+ {[%emt 0:00:00]} 32. Kh1 {[%emt 0:00:07]} Bg4 {[%emt 0:00:00]} 33. Qf1 {[%emt 0:02:15]} Qf3+ {[%emt 0:00:00]} 34. Qxf3 {[%emt 0:00:49]} Bxf3+ {[%emt 0:00:00]} 35. Kh2 {[%emt 0:00:12]} Rg2+ {[%emt 0:00:00]} 36. Kh3 {[%emt 0:00:07]} Rxb2 {[%emt 0:00:00]} 37. cxd5 {[%emt 0:00:08]} Bxd5 {[%emt 0:00:00]} 38. Re1 {[%emt 0:00:08]} h5 {[%emt 0:00:00]} 39. Re7 {[%emt 0:00:08]} Rxb3+ {[%emt 0:00:00]} 40. Kh2 {[%emt 0:00:10]} g4 {[%emt 0:00:00]} 41. a5 {[%emt 0:00:17]} Rh3+ {[%emt 0:00:00]} 42. Kg1 {[%emt 0:00:10]} g3 {[%emt 0:00:00]} 43. Kf1 {[%emt 0:00:12]} Rh1+ {[%emt 0:00:00]} 44. Ke2 {[%emt 0:00:06]} g2 {[%emt 0:00:00]} 0-1

[Event "Charlotte Spring-E 2022"]
[Site "Charlotte"]
[Date "2022.03.19"]
[Round "6.3"]
[White "Woodward, Andy"]
[Black "Chasin, Nico"]
[Result "1/2-1/2"]
[WhiteElo "2317"]
[BlackElo "2270"]
[Annotator "NA"]
[PlyCount "52"]
[EventDate "2022.03.16"]
[EventType "tourn"]
[EventCountry "USA"]
[SourceTitle "playchess.com"]
[Source "ChessBase"]
[SourceQuality "1"]
[TimeControl "5400+30"]

1. d4 {[%emt 0:00:02]} Nf6 {[%emt 0:10:15]} 2. c4 {[%emt 0:00:12]} e6 {[%emt 0:00:05]} 3. Nf3 {[%emt 0:00:15]} d5 {[%emt 0:00:05]} 4. g3 {[%emt 0:00:30]} Bb4+ {[%emt 0:01:14]} 5. Bd2 {[%emt 0:00:54]} Bd6 {[%emt 0:00:04]} 6. Bg2 {[%emt 0:00:15]} Nbd7 {[%emt 0:00:28]} 7. Qc2 {[%emt 0:05:09]} c6 {[%emt 0:02:04]} 8. O-O {[%emt 0:09:20]} O-O {[%emt 1:20:15]} 9. Bg5 {[%emt 0:01:55]} h6 {[%emt 0:00:00]} 10. Bxf6 {[%emt 0:00:12]} Nxf6 {[%emt 0:00:00]} 11. Nbd2 {[%emt 0:00:13]} b6 {[%emt 0:00:00]} 12. e4 {[%emt 0:00:12]} Be7 {[%emt 0:00:00]} 13. exd5 $11 {[%emt 0:22:18]} cxd5 {[%emt 0:00:00]} 14. Ne5 {[%emt 0:05:53]} Bb7 {[%emt 0:00:00]} 15. Rac1 {[%emt 0:01:56]} Rb8 {[%emt 0:00:00]} 16. cxd5 {[%emt 0:07:39]} Bxd5 {[%emt 0:00:00]} 17. Bxd5 {[%emt 0:05:05]} Qxd5 {[%emt 0:00:00]} 18. Qc4 {[%emt 0:00:37]} Rb7 {[%emt 0:00:00]} 19. Qxd5 {[%emt 0:07:33]} Nxd5 {[%emt 0:00:00]} 20. Ne4 {[%emt 0:01:46]} f6 {[%emt 0:00:00]} 21. Nc6 {[%emt 0:03:28]} Nb4 {[%emt 0:00:00]} 22. Nxb4 {[%emt 0:02:32]} Bxb4 {[%emt 0:00:00]} 23. Rc4 {[%emt 0:00:32]} Be7 {[%emt 0:00:00]} 24. Rfc1 {[%emt 0:00:13]} Rd7 {[%emt 0:00:00]} 25. Nd2 {[%emt 0:06:42]} e5 {[%emt 0:00:00]} 26. Rc7 {[%emt 0:01:19]} Rfd8 {[%emt 0:00:00]} 1/2-1/2

[Event "Charlotte Spring-E 2022"]
[Site "Charlotte"]
[Date "2022.03.19"]
[Round "6.4"]
[White "Matros, Alexander"]
[Black "Yang, Qindong"]
[Result "1/2-1/2"]
[WhiteElo "2357"]
[BlackElo "2084"]
[Annotator "NA"]
[PlyCount "61"]
[EventDate "2022.03.16"]
[EventType "tourn"]
[EventCountry "USA"]
[SourceTitle "playchess.com"]
[Source "ChessBase"]
[SourceQuality "1"]
[TimeControl "5400+30"]

1. d4 {[%emt 0:00:03]} Nf6 {[%emt 1:31:00]} 2. c4 {[%emt 0:00:06]} e6 {[%emt 0:00:00]} 3. Nc3 {[%emt 0:00:11]} Bb4 {[%emt 0:00:00]} 4. Qc2 {[%emt 0:00:12]} b6 {[%emt 0:01:30]} 5. e4 {[%emt 1:32:28]} c5 {[%emt 0:00:00]} 6. dxc5 {[%emt 0:00:00]} Bb7 {[%emt 0:00:00]} 7. Bd3 {[%emt 0:00:00]} bxc5 {[%emt 0:01:30]} 8. Nge2 {[%emt 0:01:30]} Nc6 {[%emt 0:00:00]} 9. O-O {[%emt 0:00:00]} d6 {[%emt 0:00:00]} 10. Bf4 {[%emt 0:00:00]} O-O 11. Rad1 {[%emt 0:00:00]} Qe7 {[%emt 0:00:00]} 12. Bg5 {[%emt 0:00:00]} h6 {[%emt 0:00:00]} 13. Bh4 Nd4 {[%emt 0:03:00]} 14. Nxd4 {[%emt 0:00:00]} cxd4 {[%emt 0:00:00]} 15. Ne2 {[%emt 0:03:30]} g5 {[%emt 0:00:00]} 16. Bg3 {[%emt 0:00:00]} e5 {[%emt 0:00:00]} 17. a3 {[%emt 0:00:00]} Bc5 {[%emt 0:00:00]} 18. b4 {[%emt 0:00:00]} Bb6 {[%emt 0:00:00]} 19. f3 {[%emt 0:00:00]} a5 {[%emt 0:00:00]} 20. Be1 {[%emt 0:00:00]} axb4 {[%emt 0:00:00]} 21. axb4 {[%emt 0:00:00]} Nh5 {[%emt 0:00:00]} 22. Bd2 {[%emt 0:00:00]} Bc6 {[%emt 0:00:00]} 23. Ra1 {[%emt 0:00:00]} Rfc8 {[%emt 0:00:00]} 24. Qb2 {[%emt 0:00:00]} Bd7 {[%emt 0:00:00]} 25. Rxa8 {[%emt 0:00:00]} Rxa8 {[%emt 0:00:00]} 26. Ra1 {[%emt 0:00:00]} Qd8 {[%emt 0:00:00]} 27. Ra3 {[%emt 0:00:00]} Be6 {[%emt 0:00:00]} 28. Qa2 {[%emt 0:00:00]} Rxa3 {[%emt 0:00:00]} 29. Qxa3 {[%emt 0:00:00]} Qc8 {[%emt 0:00:00]} 30. Qa2 {[%emt 0:00:00]} Kg7 {[%emt 0:08:30]} 31. Kf1 {[%emt 0:00:00]} 1/2-1/2

[Event "Charlotte Spring-E 2022"]
[Site "Charlotte"]
[Date "2022.03.20"]
[Round "7.1"]
[White "Rorrer, Grayson"]
[Black "Chiku-Ratte, Olivier-Kenta"]
[Result "1-0"]
[WhiteElo "2191"]
[BlackElo "2382"]
[Annotator "TA"]
[PlyCount "95"]
[EventDate "2022.03.16"]
[EventType "tourn"]
[EventCountry "USA"]
[SourceTitle "playchess.com"]
[Source "ChessBase"]
[SourceQuality "1"]

{[%evp 13,95,28,41,34,31,25,31,25,32,8,11,12,45,47,45,38,47,45,60,47,87,57,76,79,99,0,0,-7,31,-2,93,66,196,174,202,201,262,251,433,327,329,340,357,226,441,446,468,472,900,891,12827,12829,12827,12829,12824,12811,1399,1410,2300,1277,1122,1115,1081,1043,948,894,710,710,12844,12844,12847,12847,12848,12848,12849,12849,12850,12850,27999,27999,27999,27999,27999,27999]} 1. e4 c5 2. Nf3 Nc6 3. Bb5 g6 4. O-O Bg7 5. c3 a6 6. Bxc6 dxc6 7. d3 Nf6 8. Qc2 {B31: Sicilian: 2...Nc6 3 Bb5 g6.} O-O 9. Be3 b6 10. h3 {White is slightly better.} a5 {[#]} 11. a4 $146 ({Predecessor:} 11. Rd1 Qc7 12. Nbd2 Ba6 13. Nf1 Rfd8 14. Ng3 Rd7 15. d4 c4 16. Rd2 Rad8 17. Ne5 {1-0 (63) Van Bentum,H (2063)-Leisen,P (1819) Ostseebad Binz 2019}) 11... Ba6 12. Rd1 Ne8 13. d4 cxd4 14. cxd4 Rc8 15. Nbd2 Nd6 16. Rac1 h6 17. Qb3 Be2 18. Re1 Bxf3 19. gxf3 (19. Nxf3 $16 Nxe4 20. Ne5) 19... b5 $11 20. Kg2 Qd7 21. Rc2 bxa4 (21... Kh7 $11 {remains equal.}) 22. Qxa4 $16 f5 {[#] This costs Black the game.} (22... e6 $14) 23. d5 $1 $18 (23. Qxa5 f4 24. Nb3 (24. Qa2+ $2 Kh7 $19) 24... Ra8 $17) 23... fxe4 24. fxe4 (24. dxc6 exf3+ 25. Nxf3 Qf5 $14) 24... Nb5 25. Rec1 {[%cal Be1c1,Bc1c6,Bc6g6,Bg6g7][%mdl 32]} Qb7 $2 (25... Kh7 {was necessary.} 26. Nc4 (26. Qxa5 Nd4 $16) (26. dxc6 Qd3 $18) (26. Rxc6 Na7 $18) 26... Rc7 27. dxc6 (27. Nxa5 Nd6 $18) 27... Qe6) 26. Rxc6 Nd6 27. b3 ({Don't take} 27. Qxa5 $6 Rb8 28. b3 Qd7 $18) 27... Rxc6 28. Rxc6 Ra8 $2 (28... g5 29. Qxa5 Qd7) 29. Nc4 Nxe4 30. Nb6 ({Weaker is} 30. Rxg6 Kh7 $18) ({Less strong is} 30. Nxa5 Qd7 $18) 30... Nc3 (30... Nf6 $142 31. Qc4 Rd8) 31. Qg4 Rd8 32. Rxg6 Nxd5 33. Rxg7+ Kh8 34. Nxd5 Qxd5+ 35. f3 Qe5 36. Bxh6 Qe2+ 37. Kg3 {[%cal Og7h7]} Qe1+ 38. Kh2 {[%cal Og7h7] Threatening mate with Rh7+!} Qe5+ 39. Qg3 Qb2+ 40. Qg2 Qe5+ 41. f4 Qc3 42. Rxe7 {White threatens Bg7+ and mate.} Rg8 {[#] Inhibits Bg7+.} 43. Bg7+ $1 Rxg7 44. Qxg7+ Qxg7 45. Rxg7 Kxg7 46. h4 {White mates.} Kf6 47. Kg3 Ke6 48. Kg4 {Weighted Error Value: White=0.23 (precise) /Black=0.44} 1-0

[Event "Charlotte Spring-E 2022"]
[Site "Charlotte"]
[Date "2022.03.20"]
[Round "7.2"]
[White "Yang, Qindong"]
[Black "Becerra Rivero, Julio"]
[Result "1/2-1/2"]
[WhiteElo "2084"]
[BlackElo "2493"]
[Annotator "TA"]
[PlyCount "35"]
[EventDate "2022.03.16"]
[EventType "tourn"]
[EventCountry "USA"]
[SourceTitle "playchess.com"]
[Source "ChessBase"]
[SourceQuality "1"]

{[%evp 18,22,14,8,7,-5,11]} 1. d4 Nf6 2. c4 e6 3. g3 d5 4. Nf3 Be7 5. Bg2 O-O 6. O-O dxc4 7. Qc2 a6 8. a4 Bd7 9. Qxc4 Bc6 10. Bf4 Bd6 {E05: Open Catalan: 5 Nf3 Be7.} 11. Qc1 a5 {[#] An uneventful encounter.} {Predecessor:} 12. Bd2 $146 Nbd7 13. Nc3 Ne4 14. Rd1 Nxd2 15. Qxd2 Nf6 16. Qc2 Bb4 17. Ne5 Bxg2 18. Kxg2 {½-½ (41) Sargsyan,S (2628)-Petrosyan,M (2620) Yerevan 2022} 1/2-1/2

[Event "Charlotte Spring-E 2022"]
[Site "Charlotte"]
[Date "2022.03.20"]
[Round "7.3"]
[White "Chasin, Nico"]
[Black "Matros, Alexander"]
[Result "1-0"]
[WhiteElo "2270"]
[BlackElo "2357"]
[Annotator "TA"]
[PlyCount "73"]
[EventDate "2022.03.16"]
[EventType "tourn"]
[EventCountry "USA"]
[SourceTitle "playchess.com"]
[Source "ChessBase"]
[SourceQuality "1"]

{[%evp 22,73,38,32,22,17,18,0,55,-4,8,-61,-41,-93,-41,-94,53,32,101,100,119,120,118,103,93,118,105,96,105,95,162,160,150,123,143,126,281,263,1607,1226,1001,894,29973,29974,29973,29974,29975,29976,29975,29976,29973,29974,8862,6087]} 1. d4 d6 2. Nf3 Nf6 3. c4 Nbd7 4. Nc3 e5 5. g3 g6 6. Bg2 Bg7 7. O-O O-O 8. e4 exd4 9. Nxd4 Re8 10. h3 Nc5 {[%cal Bd7c5,Bc5e6,Be6d4][%mdl 32]} 11. Re1 Bd7 12. b4 Ne6 {Threatens to win with ...Nxd4. E68: King's Indian: Fianchetto: 6...Nbd7 7 0-0 e5 8 e4.} 13. Nb3 h5 {[%cal Oh5h4] [#]} 14. Qd3 $146 ({Predecessor:} 14. Rb1 h4 15. g4 Nxg4 16. Nd5 Nf6 17. f4 Ba4 18. Be3 c6 19. Nc3 Bxb3 20. Rxb3 {0-1 (28) Baryshpolets,A (2589)-Andriasian,Z (2600) Chess.com INT 2019}) 14... Qc8 (14... Bc8 $11) 15. f4 (15. Bd2 $14) 15... c5 (15... a5 $5 16. bxa5 Nd8 $11) 16. b5 (16. Ba3 $11) 16... Nd4 $15 17. Kh2 $1 h4 $1 {[%cal Od6d5] Strongly threatening ...d5!} 18. gxh4 {[#]} (18. g4 $15) 18... d5 ({Black should play} 18... Nf5 $1 $17) 19. cxd5 $14 (19. Nxd4 $2 dxc4 20. Qxc4 cxd4 21. Qxc8 Raxc8 $19) 19... Nxe4 20. Nxe4 $16 ({But not} 20. Rxe4 c4 21. Qxd4 (21. Rxe8+ Bxe8 22. Qd2 cxb3 $11) 21... Bxd4 22. Rxe8+ (22. Nxd4 Rxe4 23. Nxe4 Bf5 $11) 22... Qxe8 23. Nxd4 Qe1 $11) 20... Nxb3 {[#]} 21. Qxb3 Bxa1 {[#]} 22. Bb2 $1 Bxb2 23. Qxb2 {Threatening mate with Nf6+.} Rxe4 24. Rxe4 {And now Re7 would win.} Qf8 {Prevents Re7.} 25. h5 {Black must now prevent Qf6. White is much more active.} Re8 (25... Bf5 $16 {keeps fighting.}) 26. Rxe8 $18 Qxe8 27. hxg6 fxg6 28. a4 {aiming for d6.} Bf5 $2 {A mistake that costs the game.} (28... Kf7 $16) 29. d6 b6 $2 (29... Kf7 30. Bd5+ Be6) 30. Bd5+ Kh7 31. Qe5 Qd7 32. Qe7+ Kh6 33. Bc6 Qe6 34. Qxe6 Bxe6 35. d7 Bxd7 36. Bxd7 c4 37. Be6 {Weighted Error Value: White=0.14 (very precise) /Black=0.61} 1-0

[Event "Charlotte Spring-E 2022"]
[Site "Charlotte"]
[Date "2022.03.20"]
[Round "7.4"]
[White "Kanli, Alperen"]
[Black "Woodward, Andy"]
[Result "0-1"]
[WhiteElo "2131"]
[BlackElo "2317"]
[Annotator "TA"]
[PlyCount "56"]
[EventDate "2022.03.16"]
[EventType "tourn"]
[EventCountry "USA"]
[SourceTitle "playchess.com"]
[Source "ChessBase"]
[SourceQuality "1"]

{[%evp 19,56,8,31,0,10,-44,-44,-42,-43,-48,-53,-80,-75,-79,-65,-56,-57,-69,-43,-67,-74,-78,-60,-62,-52,-56,-53,-564,-557,-752,-747,-789,-827,-1313,-1313,-1751,-1230,-5393,-2570]} 1. d4 Nf6 2. c4 g6 3. Nc3 d5 4. cxd5 Nxd5 5. e4 Nxc3 6. bxc3 Bg7 7. Bc4 c5 8. Ne2 Nc6 9. Be3 O-O 10. O-O b6 {10...Bg4 is the modern continuation.} 11. Qd2 {D87: Exchange Grünfeld: Classical Line: Variations without ...cxd4.} (11. dxc5 {seems wilder.} Na5 12. Bd5 Ba6 13. Bxa8 Qxd1 14. Raxd1 Bxe2 15. Bd5) 11... Bb7 12. f4 ({White should try} 12. f3 $11) 12... cxd4 $15 13. cxd4 {Black is slightly better.} Rc8 {[%cal Oc6d4]} 14. Rac1 e6 15. f5 exf5 16. exf5 Na5 17. Bd3 Rxc1 18. Rxc1 {[#]} a6 $146 ({Predecessor:} 18... Qd6 19. Rf1 Re8 20. Kh1 Qc6 21. Rf2 Nc4 22. Bxc4 Qxc4 23. f6 Bf8 24. Ng3 Bb4 {0-1 (30) Muniz Vicente,J (1797)-Carril Gonzalez,A (2089) Vilagarcia de Arousa 2006}) 19. Rb1 Re8 $40 {[%mdl 128] Black wants a kill.} 20. Rf1 Qd5 {[%csl Gb7][%cal Rd5g2]} 21. Nf4 Qd6 {[%cal Oe8e3] ...Rxe3! is the strong threat.} 22. d5 {[%cal Of4e6] [#]} b5 $1 23. a4 $2 {[%mdl 8192]} ({Better is} 23. fxg6 $15 hxg6 24. h3) (23. h3 Bh6) 23... Nb3 $19 {Black is clearly winning.} 24. Qc2 {[%cal Rf5g6]} Rxe3 25. Qxb3 Be5 {This bishop pair is nice.} 26. g3 Qc5 {[#] ( -> ...Rxd3+)} 27. Rf2 Bxf4 28. gxf4 Qd4 {White got outplayed after the opening.  Weighted Error Value: White=1.46/Black=0.22 (precise)} 0-1

[Event "Charlotte Spring-E 2022"]
[Site "Charlotte"]
[Date "2022.03.20"]
[Round "7.5"]
[White "Chen, Ryo"]
[Black "Zaloznyy, Mike"]
[Result "1-0"]
[WhiteElo "2303"]
[BlackElo "2065"]
[Annotator "TA"]
[PlyCount "103"]
[EventDate "2022.03.16"]
[EventType "tourn"]
[EventCountry "USA"]
[SourceTitle "playchess.com"]
[Source "ChessBase"]
[SourceQuality "1"]

{[%evp 10,103,54,63,60,64,57,64,58,51,49,5,45,17,23,21,36,15,30,19,25,0,0,-7,-15,-22,0,0,0,0,0,0,8,0,43,15,56,62,81,80,79,68,74,61,110,104,141,135,129,133,112,113,281,250,291,303,557,540,782,785,759,718,756,609,584,572,864,578,913,919,917,929,868,941,893,832,752,668,618,559,1633,958,29973,29973,29976,29977,29975,29973,29984,29985,29986,29986,29986,29987,29987,29987]} 1. e4 d5 2. exd5 Qxd5 3. Nc3 Qd8 4. d4 Nf6 5. Nf3 Bg4 6. h3 Bxf3 {B01: Scandinavian Defence.} 7. Qxf3 ({Much weaker is} 7. gxf3 e6 $11) 7... c6 8. Be3 e6 {White is slightly better.} 9. O-O-O Bb4 {9...Bb4 scores better than 9...Nbd7.} 10. Bd2 (10. Ne4 $1 $14) 10... Bxc3 11. Qxc3 Ne4 {[%csl LRc3,LRf2] To avoid Qg3} 12. Qe3 Nxd2 13. Rxd2 Qa5 14. Bc4 {[#]} Nd7 $146 ({Predecessor:} 14... O-O 15. Qe5 Qd8 16. h4 Nd7 17. Qe2 Nb6 18. Bd3 Nd5 19. c4 Nf4 20. Bxh7+ Kxh7 {1-0 (51) Vehi Bach,V (2324)-Anguera Maestro,J (2135) Sabadell 2014}) 15. Qf4 O-O 16. Re1 b5 17. Bb3 c5 18. dxc5 ({Reject} 18. Qd6 Rfd8 19. c3 c4 $17) 18... Nxc5 19. Kb1 Rad8 20. Red1 Nxb3 21. axb3 Rc8 (21... Rxd2 $1 $11 {was preferrable.} 22. Rxd2 Rd8) 22. Qe5 Rc6 (22... Qb6 $11) 23. Rd7 $14 Qb6 {Inhibits Rb7.} 24. Qd4 {White is much more active.} Qxd4 25. R1xd4 $16 {[%mdl 4096] Endgame KRR-KRR} a6 26. R4d6 Rc5 (26... Rxd6 $14 {feels stronger.} 27. Rxd6 Ra8) 27. Rxa6 Rf5 28. Rd2 h5 29. Rc6 g5 30. b4 {[%cal Bb3b4,Bb4c5][%mdl 32]} g4 $2 {Loses the game.} (30... Kg7 $16 31. Rc5 Rb8) 31. hxg4 hxg4 {[#]} 32. Rc5 $1 Rxc5 $2 (32... Re8 {might work better.} 33. Rxf5 exf5) 33. bxc5 $18 {KR-KR} f5 34. Rd7 {And now c6 would win.} Rc8 35. b4 f4 36. Rd4 e5 37. Re4 Re8 38. g3 fxg3 39. Rxg4+ Kf7 40. Rxg3 Ke6 41. Rd3 Rf8 42. f3 Rf4 43. c3 {[%cal Bc2c3,Bc3c4,Bc4b5,Bb5b6][%mdl 32]} Rf7 44. Kc2 Kf5 45. Kb3 {[#] White wants to mate with c4.} Kf4 46. c4 {White mates.} e4 47. fxe4 Kxe4 48. Rh3 Rf1 49. cxb5 Rb1+ 50. Kc4 Rc1+ 51. Rc3 Rd1 52. b6 {Weighted Error Value: White=0.22 (precise) /Black=0.53} 1-0